Donald Duck's Nephews in 22 Languages - Statistics

General Stats
  • This quiz has been taken 514 times
  • The average score is 5 of 22
Answer Stats
Nephews Language % Correct
Hewey, Dewey & Louie English
95%
Jorgito, Juanito & Jaimito Spanish (Spain)
70%
Hui, Du & Lu Chinese
56%
Hugo, Paco & Luis Spanish (Americas)
43%
Riri, Fifi & Loulou French
27%
Knatte, Fnatte & Tjatte Swedish
26%
Tick, Trick & Track German
24%
Kwik, Kwek & Kwak Dutch & Indonesian
20%
Huguinho, Zezinho & Luisinho Portuguese
20%
Qui, Quo & Qua Italian
19%
Ole, Dole & Doffen Norwegian
19%
Kulík, Dulík & Bubík Czech
14%
Hyzio, Dyzio & Zyzio Polish
11%
Cin, Can & Cem Turkish
10%
Billy, Villy & Dilly Russian
7%
Hinko, Vinko & Dinko Croatian
6%
Soso, Tutu & Lulu Arabic
5%
Joanet, Jordinet & Jaumet Catalan
5%
Raja, Gaja & Vlaja Serbian
5%
Tiki, Niki & Viki Hungarian
4%
Ripp, Rapp & Rupp Icelandic
4%
Hiui, Ntiui & Liui Greek
3%
No matching quizzes found
Score Distribution
Percent of People with Each Score
Percentile by Number Answered
Your Score History
You have not taken this quiz